000 00780namaa2200265 a 4500
001 vtls001304585
003 NLI
005 20210627043904.0
008 120418s1977 dcu i000 0 eng
039 9 _y201204181933
_zVLOAD
040 0 _aNLI
_cVTLS-2012_FOD
_eAACR2
041 0 _aeng
044 _adcu
082 0 4 _a333.9724
110 1 _aUnited States.
_bCenter for Energy and Environment research
_9725449
245 1 0 _aPuerto rico nuclear center annual report
260 _aWashington, D.C. :
_bUnited States Government Printing Office,
_c1977
300 _a133 p. ;
_c30 cm.
650 0 _aNuclear engineering
_9722109
650 0 _aNuclear energy
_9676940
887 _a
901 _aAD 138070
_b25.10.2010
902 _aU.S 333.9724 Un 3
942 _2ddc
_cBKS
999 _c596184
_d596184